Oracle Database 10g : (Record no. 104)
[ view plain ]
| 000 -LEADER | |
|---|---|
| fixed length control field | 01696cam a22003737a 4500 |
| 001 - CONTROL NUMBER | |
| control field | 14884732 |
| 003 - CONTROL NUMBER IDENTIFIER | |
| control field | Nust |
| 005 - DATE AND TIME OF LATEST TRANSACTION | |
| control field | 20170105095819.0 |
| 008 - FIXED-LENGTH DATA ELEMENTS--GENERAL INFORMATION | |
| fixed length control field | 070608s2004 caua 001 0 eng d |
| 010 ## - LIBRARY OF CONGRESS CONTROL NUMBER | |
| LC control number | 2007297347 |
| 015 ## - NATIONAL BIBLIOGRAPHY NUMBER | |
| National bibliography number | GBA4-Y5742 |
| 020 ## - INTERNATIONAL STANDARD BOOK NUMBER | |
| International Standard Book Number | 0072253517 |
| 020 ## - INTERNATIONAL STANDARD BOOK NUMBER | |
| International Standard Book Number | 9780072253511 |
| 035 ## - SYSTEM CONTROL NUMBER | |
| System control number | (OCoLC)ocm56814869 |
| 035 ## - SYSTEM CONTROL NUMBER | |
| System control number | (OCoLC)56814869 |
| Canceled/invalid control number | (OCoLC)56441954 |
| 040 ## - CATALOGING SOURCE | |
| Original cataloging agency | JVJ |
| Transcribing agency | JVJ |
| Modifying agency | OCLCQ |
| -- | BAKER |
| -- | UKM |
| -- | BTCTA |
| -- | YDXCP |
| -- | LCJ |
| -- | DLC |
| 042 ## - AUTHENTICATION CODE | |
| Authentication code | lccopycat |
| 050 00 - LIBRARY OF CONGRESS CALL NUMBER | |
| Classification number | QA76.9.D3 |
| Item number | L662953 2004 |
| 082 04 - DEWEY DECIMAL CLASSIFICATION NUMBER | |
| Classification number | 005.7585 |
| Edition number | 22 |
| 100 1# - MAIN ENTRY--PERSONAL NAME | |
| Personal name | Loney, Kevin. |
| 245 10 - TITLE STATEMENT | |
| Title | Oracle Database 10g : |
| Remainder of title | the complete reference / |
| Statement of responsibility, etc. | Kevin Loney. |
| 260 ## - PUBLICATION, DISTRIBUTION, ETC. | |
| Place of publication, distribution, etc. | Emeryville, Calif. : |
| Name of publisher, distributor, etc. | McGraw-Hill/Osborne, |
| Date of publication, distribution, etc. | 2004. |
| 300 ## - PHYSICAL DESCRIPTION | |
| Extent | xvi, 1369 p. : |
| Other physical details | ill. ; |
| Dimensions | 24 cm. + |
| Accompanying material | 1 CD-ROM (4 3/4 in.) |
| 500 ## - GENERAL NOTE | |
| General note | Includes index. |
| 500 ## - GENERAL NOTE | |
| General note | "CD-ROM includes a searchable electronic book and all code examples from the book"--Cover. |
| 505 2# - FORMATTED CONTENTS NOTE | |
| Formatted contents note | Pt. I. Critical database concepts -- Pt. II. SQL and SQL Plus -- Pt. III. Beyond the basics -- Pt. IV. PL/SQL -- Pt. V. Object-relational databases -- Pt. VI. Java in Oracle -- Pt. VII. Clustered Oracle - the grid -- Pt. VIII. Hitchiker's guides. |
| 630 00 - SUBJECT ADDED ENTRY--UNIFORM TITLE | |
| Uniform title | Oracle (Computer file) |
| 856 41 - ELECTRONIC LOCATION AND ACCESS | |
| Materials specified | Table of contents only |
| Uniform Resource Identifier | <a href="http://www.loc.gov/catdir/enhancements/fy0728/2007297347-t.html">http://www.loc.gov/catdir/enhancements/fy0728/2007297347-t.html</a> |
| 856 42 - ELECTRONIC LOCATION AND ACCESS | |
| Materials specified | Publisher description |
| Uniform Resource Identifier | <a href="http://www.loc.gov/catdir/enhancements/fy0728/2007297347-d.html">http://www.loc.gov/catdir/enhancements/fy0728/2007297347-d.html</a> |
| 856 42 - ELECTRONIC LOCATION AND ACCESS | |
| Materials specified | Contributor biographical information |
| Uniform Resource Identifier | <a href="http://www.loc.gov/catdir/enhancements/fy0737/2007297347-b.html">http://www.loc.gov/catdir/enhancements/fy0737/2007297347-b.html</a> |
| 906 ## - LOCAL DATA ELEMENT F, LDF (RLIN) | |
| a | 7 |
| b | cbc |
| c | copycat |
| d | 2 |
| e | ncip |
| f | 20 |
| g | y-gencatlg |
| 942 ## - ADDED ENTRY ELEMENTS (KOHA) | |
| Source of classification or shelving scheme | |
| Koha item type | Book |
| Withdrawn status | Lost status | Source of classification or shelving scheme | Damaged status | Not for loan | Permanent Location | Current Location | Date acquired | Total Checkouts | Full call number | Barcode | Date last seen | Price effective from | Koha item type |
|---|---|---|---|---|---|---|---|---|---|---|---|---|---|
| Institute of Environmental Science and Engineering (IESE) | Institute of Environmental Science and Engineering (IESE) | 12/08/2016 | 005.7585 | IESE-1725 | 12/08/2016 | 12/08/2016 | Book |
